000 00566nam a2200157 a 4500
001 000027795
005 20200930031113.0
008 110404s1981 dr 000 0 spa d
040 _aDO-SdBNP
_bspa
_cBNPHU
082 _axxxx
_bR444m
110 2 _aReunión de técnicos de bancos centrales del continente américano
_n(18a :
_d1981, nov. 1-6 :
_cSanto Domingo)
_954873
245 1 0 _aModelo financiero de un banco múltiple :
_bsíntesis.
260 _aSanto Domingo :
_bBanco Central del la República Dominicana,
_c1981.
300 _a[21 p.] ;
_c28 cm.
049 _aBNPD
999 _c27287
_d27287